000 01098nam a2200313 4500
003 EG-GICUC
005 20260502092956.0
008 151109s1997####ua#####fr#####000#0#ara#c
017 _a96/9914
020 _a977-5272-35-1
040 _a EG-GICUC
_bara
_c EG-GICUC
_d EG-GICUC
_erda
041 0 _aara
082 0 4 _221
_a345
_bم ج . م
092 0 4 _221
099 _aLaw1 07 345 م ج . م 1997
100 0 _aمجدي مدحت النهري
_eمؤلف.
245 1 0 _aمسئولية الدولة عن أعمالها غير التعاقدية :
_bقضاء التعويض /
_cمجدي مدحت النهري
250 _aالطبعة الثانية
264 1 _aالقاهرة :
_bمكتبة النهضة العربية،
_c1997.
300 _a402 ؛ صفحة
_c24 سم
336 _2rda content
_atext
337 _2rda media
_aComputer
338 _2rda carrier
_aOnline Resource
546 _aالنص باللغة العربية
650 1 _aالقانون الإداري
856 4 0 _uhttps://fll.law.cu.edu.eg/fulltext/bks/B07-04100.pdf
905 _a30
942 _2ddc
_cBK
_e21
_n0
999 _c74746
_d74746